Представление документа в формате MARC21

ПолеНазваниеЗначение
  Тип записи a
  Библиографический уровень m
001 Контрольный номер BIBLIOCLUB\0000574641
005 Дата корректировки 20260430154827.3
006 m o d
007 Элементы данных для физической характеристики c|||||||||||||
008 Кодируемые данные s2019 rus o rus d
020 Индекс ISBN __
a ISBN 978-5-4499-0675-5
041 Код языка издания 0_
a Код языка текста rus
084 Индекс другой классификации/Индекс ББК __
a Индекс другой классификации/Индекс ББК 13я73
b Номер единицы LBC/PL
2 Источник индекса rubbk
245 Заглавие 10
a Заглавие Теория систем и системный анализ
b Продолж. заглавия учебник
c Ответственность С. И. Маторин, А. Г. Жихарев, О. А. Зимовец, М. Ф. Тубольцев, А. А. Кондратенко
c Ответственность под ред. С. И. Маторин
260 Выходные данные __
a Место издания Москва, Берлин
b Издательство Директмедиа Паблишинг
c Дата издания 2019
300 Физическое описание __
a Объем 509 с.
504 Библиография __
a Библиография Библиогр.: с. 477-489.
653 Ключевые слова 1_
a Ключевые слова Учебник для высшей школы
700 Другие авторы _1
a Другие авторы Жихарев А. Г.
700 Другие авторы _1
a Другие авторы Зимовец О. А.
700 Другие авторы _1
a Другие авторы Кондратенко А. А.
700 Другие авторы _1
a Другие авторы Маторин С. И.
700 Другие авторы _1
a Другие авторы Тубольцев М. Ф.
702 _1
a Маторин
b С. И.
4 340
856 Электронный адрес документа 40
3 Область применения данных поля Университетская библиотека ONLINE
u URL https://biblioclub.ru/index.php?page=book&id=574641
856 Электронный адрес документа 40
u URL https://doi.org/10.23681/574641
900 Электронные ресурсы __
a Имя электронного ресурса https://img.biblioclub.ru/sm_cover/bc4e82113e0736bf1f0cdcaf79a80490obmgdqvaqz/cover.jpg